[Event "Europei giovanili 2019 Girls U12"]
[Site "Bratislava SVK"]
[Date "2019.08.05"]
[Round "4.24"]
[White "Fileru, Maria"]
[Black "Lapushnian, Maya"]
[Result "1-0"]
[WhiteElo "1666"]
[BlackElo "1356"]
[PlyCount "49"]
[EventDate "2019.08.02"]

1. d4 Nf6 2. c4 c5 3. d5 b5 4. f3 bxc4 5. e4 d6 6. Bxc4 g6 7. Ne2 Bg7 8. O-O
O-O 9. Nbc3 Ba6 10. Bxa6 Nxa6 11. f4 Nc7 12. f5 Ng4 13. Bg5 h6 14. Bf4 g5 15.
Bd2 Ne5 16. h4 Bf6 17. hxg5 hxg5 18. Ng3 Nc4 19. Bc1 Rb8 20. Qg4 e6 21. Bxg5
Bxg5 22. f6 Ne5 23. Qxg5+ Ng6 24. Qh6 Ne8 25. dxe6 1-0

[Event "Europei giovanili 2019 Girls U12"]
[Site "Bratislava SVK"]
[Date "2019.08.04"]
[Round "3.19"]
[White "Mikhailina, Olga"]
[Black "Fileru, Maria"]
[Result "1/2-1/2"]
[WhiteElo "1410"]
[BlackElo "1666"]
[PlyCount "62"]
[EventDate "2019.08.02"]

1. e4 e5 2. Nf3 Nc6 3. Bc4 Bc5 4. c3 Nf6 5. d4 exd4 6. e5 d5 7. Bb5 Nd7 8. cxd4
Be7 9. Be3 O-O 10. Nbd2 f6 11. Qb3 Nb6 12. Bxc6 bxc6 13. Rc1 Bb7 14. O-O Ba6
15. Rfe1 Nc4 16. Nxc4 Bxc4 17. Qa4 Qd7 18. b3 Bb5 19. Qa5 Rfb8 20. Qc3 a5 21.
Qc2 a4 22. exf6 Bxf6 23. Bg5 axb3 24. axb3 Re8 25. Qd2 Rxe1+ 26. Rxe1 Re8 27.
Re3 Re4 28. Bxf6 gxf6 29. Qe1 Qf5 30. Nd2 Rxe3 31. Qxe3 Qc2 1/2-1/2

[Event "Europei giovanili 2019 Girls U12"]
[Site "Bratislava SVK"]
[Date "2019.08.03"]
[Round "2.30"]
[White "Fileru, Maria"]
[Black "Dobsa, Emma"]
[Result "1-0"]
[WhiteElo "1666"]
[BlackElo "1317"]
[PlyCount "39"]
[EventDate "2019.08.02"]

1. d4 d5 2. c4 c6 3. cxd5 cxd5 4. Nc3 Nf6 5. Bf4 Bf5 6. e3 Nc6 7. Bb5 Qb6 8.
Rc1 Rc8 9. Nf3 e6 10. Ne5 Ne4 11. Qa4 f6 12. Nxc6 bxc6 13. Nxe4 Bxe4 14. Bxc6+
Kf7 15. O-O Qxb2 16. Qxa7+ Kg6 17. Qd7 Bb4 18. Qxe6 Bd3 19. Qg4+ Kf7 20. Bxd5+
1-0

[Event "C.N. sah copii, juniori, tineret 2019 -"]
[Site "Caciulata"]
[Date "2019.04.20"]
[Round "7.3"]
[White "Fileru, Maria"]
[Black "Mihalea, Maria-Ioana"]
[Result "1/2-1/2"]
[WhiteElo "1644"]
[BlackElo "1347"]
[PlyCount "65"]
[EventDate "2019.04.15"]
[EventRounds "5"]

1. d4 d5 2. c4 c6 3. Nc3 Nf6 4. cxd5 cxd5 5. Bf4 a6 6. e3 e6 7. Bd3 Bd6 8. Bxd6
Qxd6 9. f4 Nc6 10. Nf3 Ne7 11. Ne5 Nf5 12. Qf3 O-O 13. g4 Ne7 14. O-O Nd7 15.
Qh3 f5 16. g5 Nxe5 17. fxe5 Qd7 18. Rf4 Ng6 19. Rf3 Nh8 20. Ne2 Qe7 21. Qg2 Bd7
22. Nf4 Be8 23. Rc1 Ng6 24. Rff1 Nxf4 25. exf4 Qb4 26. Qf2 Bc6 27. Rc5 Qb6 28.
Rfc1 Rfe8 29. Qd2 Qc7 30. b4 Rec8 31. a4 Qd8 32. Qc3 Bd7 33. Qb3 1/2-1/2

[Event "C.N. sah copii, juniori, tineret 2019 -"]
[Site "Caciulata"]
[Date "2019.04.19"]
[Round "6.5"]
[White "Mascas, Anisia-Teodora"]
[Black "Fileru, Maria"]
[Result "0-1"]
[WhiteElo "1265"]
[BlackElo "1644"]
[PlyCount "76"]
[EventDate "2019.04.15"]
[EventRounds "5"]

1. d4 d5 2. Nf3 Nf6 3. Bf4 e6 4. e3 c5 5. c3 Nc6 6. Bd3 Bd6 7. Bxd6 Qxd6 8. O-O
O-O 9. Nbd2 e5 10. dxe5 Nxe5 11. Nxe5 Qxe5 12. Nf3 Qe7 13. Qe2 Bg4 14. h3 Bh5
15. Qd1 Ne4 16. Be2 Rad8 17. Qa4 f5 18. g3 Bxf3 19. Bxf3 Nd2 20. Bxd5+ Rxd5 21.
Rad1 Rfd8 22. Qc2 Nxf1 23. Rxd5 Rxd5 24. Qb3 Nxe3 25. fxe3 Qxe3+ 26. Kg2 Qe2+
27. Kg1 c4 28. Qa4 Rd1+ 29. Qxd1 Qxd1+ 30. Kf2 Qd2+ 31. Kf3 Qxb2 32. Kf4 Qxc3
33. Kxf5 Qxg3 34. a4 c3 35. a5 c2 36. h4 c1=R 37. a6 Rf1+ 38. Ke4 Re1+ 0-1

[Event "C.N. sah copii, juniori, tineret 2019 -"]
[Site "Caciulata"]
[Date "2019.04.18"]
[Round "5.1"]
[White "Fileru, Maria"]
[Black "Maria, Lia-Alexandra"]
[Result "0-1"]
[WhiteElo "1644"]
[BlackElo "1406"]
[PlyCount "78"]
[EventDate "2019.04.15"]
[EventRounds "5"]

1. d4 Nf6 2. c4 e6 3. Nc3 Bb4 4. f3 c5 5. a3 Ba5 6. d5 exd5 7. cxd5 d6 8. e4
O-O 9. Bg5 h6 10. Bh4 Re8 11. Bb5 Bd7 12. Be2 Qe7 13. g4 Qe5 14. Qd3 a6 15. Bg3
Qe7 16. h4 Bb5 17. Qc2 Nbd7 18. a4 Bxe2 19. Ngxe2 Ne5 20. Kf2 c4 21. Nf4 Bb6+
22. Kg2 Nfd7 23. h5 Nc5 24. Bh4 Qd7 25. Rh3 Ncd3 26. Nxd3 Nxd3 27. Qd2 Rac8 28.
Rf1 Ba5 29. Ra1 Bb4 30. Rg3 Bc5 31. Rh3 Bb4 32. Rg3 Nc5 33. Ra2 Nxa4 34. g5 Kh7
{(=)} 35. gxh6 gxh6 36. e5 dxe5 37. Qc2+ f5 38. Nxa4 Qf7 39. Nc3 Rg8 {
Albul a depasit timpul de gandire.} 0-1

[Event "C.N. sah copii, juniori, tineret 2019 -"]
[Site "Caciulata"]
[Date "2019.04.17"]
[Round "3.5"]
[White "Fileru, Maria"]
[Black "Mocanu, Miruna"]
[Result "1-0"]
[WhiteElo "1644"]
[BlackElo "1147"]
[PlyCount "93"]
[EventDate "2019.04.15"]
[EventRounds "5"]

1. d4 d5 2. c4 e6 3. Nc3 Nf6 4. cxd5 exd5 5. Bg5 Be7 6. e3 O-O 7. Bd3 Nbd7 8.
Qc2 c6 9. Nf3 Re8 10. O-O Nf8 11. Rae1 Ne4 12. Bf4 Nxc3 13. Qxc3 Ng6 14. Bg3
Bg4 15. Ne5 Nxe5 16. Bxe5 Bd6 17. f4 f6 18. Bxd6 Qxd6 19. Qc2 h6 20. Bg6 Re7
21. f5 Re4 22. Qf2 Rc8 23. h3 Bxh3 24. gxh3 c5 25. Rc1 b6 26. Rc3 Rc7 27. Rfc1
c4 28. Qh2 Qe7 29. Qg3 b5 30. a3 a5 31. b4 axb4 32. axb4 Ra7 33. Qb8+ Qf8 34.
Qxa7 Rh4 35. Kg2 Re4 36. Qb7 Re7 37. Qxd5+ Kh8 38. Ra1 Re8 39. Bxe8 Qxe8 40.
Ra8 Qxa8 41. Qxa8+ Kh7 42. Qd5 Kh8 43. Qxb5 Kh7 44. Rxc4 Kg8 45. Rc8+ Kh7 46.
Qe8 h5 47. Qxh5# 1-0

[Event "C.N. sah copii, juniori, tineret 2019 -"]
[Site "Caciulata"]
[Date "2019.04.17"]
[Round "4.4"]
[White "Ivascu, Andreea-Catalina"]
[Black "Fileru, Maria"]
[Result "0-1"]
[WhiteElo "1182"]
[BlackElo "1644"]
[PlyCount "104"]
[EventDate "2019.04.15"]
[EventRounds "5"]

1. d4 d5 2. e3 Nf6 3. Bd3 e6 4. Nd2 c5 5. c3 Be7 6. f4 O-O 7. Ngf3 b6 8. Ne5
Bb7 9. Qf3 Nbd7 10. O-O Ne8 11. Qh5 f5 12. g4 Ndf6 13. Qh3 Ne4 14. g5 a6 15.
Qf3 b5 16. Bxe4 dxe4 17. Qg3 Bd6 18. h4 cxd4 19. cxd4 Rc8 20. a4 Qa5 21. h5 Bd5
22. g6 Nf6 23. gxh7+ Nxh7 24. h6 Qc7 25. Kf2 Bxe5 26. dxe5 Rf7 27. Ra3 b4 28.
Ra1 Nf8 29. Rg1 g6 30. Qh4 Qe7 31. Qg3 Rh7 32. Qh3 Kf7 33. Rh1 Nd7 34. Kg2 Nc5
35. Qg3 Nd3 36. b3 Rc2 37. Rd1 Rxh6 38. Kg1 Rh5 39. Nc4 Bxc4 40. bxc4 Rxc4 41.
Bd2 g5 42. Kf1 g4 43. Ke2 Rh3 44. Qg2 Qh4 45. Rh1 Qh5 46. Rxh3 gxh3+ 47. Kf1
hxg2+ 48. Kxg2 Qe2+ 49. Kh3 Qxd2 50. Kh4 Qh2+ 51. Kg5 Qg3+ 52. Kh6 Qh4# 0-1

[Event "C.N. sah copii, juniori, tineret 2019 -"]
[Site "Caciulata"]
[Date "2019.04.16"]
[Round "2.9"]
[White "Petculescu, Diana-Silvana"]
[Black "Fileru, Maria"]
[Result "1/2-1/2"]
[WhiteElo "1437"]
[BlackElo "1644"]
[PlyCount "72"]
[EventDate "2019.04.15"]
[EventRounds "5"]

1. e4 e5 2. Nf3 Nc6 3. d4 exd4 4. Bc4 Nf6 5. e5 d5 6. Bb5 Ne4 7. Nxd4 Bd7 8.
Bxc6 Bxc6 9. Nxc6 bxc6 10. Be3 Bc5 11. Bxc5 Nxc5 12. Nc3 O-O 13. O-O f6 14. Qd4
Ne6 15. Qg4 f5 16. Qa4 Qd7 17. Rad1 Nc5 18. Qa3 Ne4 19. Rfe1 Qe6 20. f4 h6 21.
Nxe4 fxe4 22. g3 h5 23. Qe3 Qg4 24. Kh1 Qe6 25. Qd2 Qh3 26. Qg2 Qe6 27. c4 g5
28. cxd5 cxd5 29. Qd2 Rad8 30. Qe3 Rb8 31. b3 Rb6 32. Rf1 g4 33. Qd4 c6 34. Qa4
Rf7 35. Qd4 Ra6 36. Rf2 Rb6 1/2-1/2

[Event "C.N. sah copii, juniori, tineret 2019 -"]
[Site "Caciulata"]
[Date "2019.04.15"]
[Round "1.1"]
[White "Fileru, Maria"]
[Black "Stoenescu, Ioana-Teodora"]
[Result "1/2-1/2"]
[WhiteElo "1644"]
[BlackElo "1164"]
[PlyCount "41"]
[EventDate "2019.04.15"]
[EventRounds "5"]

1. d4 e6 2. e4 d5 3. e5 c5 4. c3 Nc6 5. Nf3 Qb6 6. a3 Nge7 7. b4 cxb4 8. cxb4
Nf5 9. Be3 Be7 10. Nc3 Bd7 11. Bd3 Nxe3 12. fxe3 O-O 13. h4 f6 14. exf6 Bxf6
15. Qc2 h6 16. O-O Rac8 17. g4 Qd8 18. Kg2 Bxh4 19. Rh1 Bg5 20. Rae1 Qf6 21.
Rh3 1/2-1/2

[Event "C.N. copii, juniori, tineret 2018 - Fet"]
[Site "Calimanesti"]
[Date "2018.04.02"]
[Round "8.3"]
[White "Palos, Andra-Maria"]
[Black "Fileru, Maria"]
[Result "1/2-1/2"]
[WhiteElo "1316"]
[BlackElo "1492"]
[PlyCount "90"]
[EventDate "2018.03.27"]
[EventRounds "9"]

1. d4 d5 2. c4 e6 3. Nc3 Nf6 4. Bg5 Be7 5. e3 O-O 6. Nf3 h6 7. Bh4 b6 8. Be2
Bb7 9. O-O Nbd7 10. Rc1 c5 11. cxd5 Nxd5 12. Bg3 N7f6 13. Qb3 a6 14. Na4 cxd4
15. Nxd4 b5 16. Rfd1 Qa5 17. Nc5 Bxc5 18. Rxc5 Ne4 19. Rcc1 Rac8 20. a3 Nxg3
21. hxg3 Nb6 22. Bf3 Bxf3 23. Nxf3 Rxc1 24. Rxc1 Nc4 25. Rd1 Rd8 26. Rxd8+ Qxd8
27. Qc2 Qd5 28. Kf1 g6 29. Ke1 Kf8 30. Qc3 Qf5 31. Nd2 Nxd2 32. Qxd2 Qd5 33.
Qxd5 exd5 34. Kd2 Ke7 35. Kc3 a5 36. b4 a4 37. Kd4 Kd6 38. g4 f6 39. f4 g5 40.
f5 Kc6 41. g3 Kd6 42. e4 dxe4 43. Kxe4 Kc6 44. Kd4 Kd6 45. Ke4 Kc6 1/2-1/2

[Event "C.N. copii, juniori, tineret 2018 - Fet"]
[Site "Calimanesti"]
[Date "2018.04.01"]
[Round "7.2"]
[White "Fileru, Maria"]
[Black "Salajan, Stefania"]
[Result "1/2-1/2"]
[WhiteElo "1492"]
[BlackElo "1271"]
[PlyCount "28"]
[EventDate "2018.03.27"]
[EventRounds "9"]

1. d4 d5 2. c4 e6 3. Nc3 a6 4. cxd5 exd5 5. Nf3 c6 6. a4 Bd6 7. Bg5 Ne7 8. e3
h6 9. Bh4 g5 10. Bg3 Nf5 11. Bd3 h5 12. Bxd6 Nxd6 13. Ne5 Bf5 14. Bxf5 Nxf5
1/2-1/2

[Event "C.N. copii, juniori, tineret 2018 - Fet"]
[Site "Calimanesti"]
[Date "2018.03.31"]
[Round "6.1"]
[White "Schiopu, Oana-Magdalena"]
[Black "Fileru, Maria"]
[Result "1-0"]
[WhiteElo "1468"]
[BlackElo "1492"]
[PlyCount "71"]
[EventDate "2018.03.27"]
[EventRounds "9"]

1. e4 e5 2. Nf3 Nc6 3. Bc4 Bc5 4. c3 Nf6 5. d3 a6 6. h3 Ba7 7. Nbd2 d6 8. Bb3
O-O 9. Nf1 d5 10. Qe2 b5 11. Bg5 d4 12. cxd4 Bxd4 13. Ng3 Qd6 14. O-O Na5 15.
Nxd4 Qxd4 16. Bd1 Qb6 17. Qd2 Nd7 18. Nf5 c5 19. Ne7+ Kh8 20. Nd5 Qg6 21. Be7
Re8 22. Qxa5 Bb7 23. Nc7 Rxe7 24. Nxa8 Re8 25. Qc7 Bxa8 26. Qxd7 Bc6 27. Qg4
Qd6 28. Bb3 Rf8 29. Rac1 Bd7 30. Qg3 f6 31. Qe3 Rc8 32. Bd5 a5 33. Rc2 f5 34.
Rxc5 Qa6 35. Rxc8+ Bxc8 36. Qc5 1-0

[Event "C.N. copii, juniori, tineret 2018 - Fet"]
[Site "Calimanesti"]
[Date "2018.03.30"]
[Round "5.1"]
[White "Fileru, Maria"]
[Black "Puia, Alexia-Teodora"]
[Result "1-0"]
[WhiteElo "1492"]
[BlackElo "1587"]
[PlyCount "55"]
[EventDate "2018.03.27"]
[EventRounds "9"]

1. d4 Nf6 2. c4 e5 3. dxe5 Ng4 4. Bf4 Nc6 5. Nf3 Qe7 6. e3 Ngxe5 7. Nxe5 Nxe5
8. Qd4 Nc6 9. Qc3 d6 10. Be2 Bd7 11. Nd2 Rg8 12. h4 g6 13. Bg5 Qe5 14. Qc2 Bf5
15. e4 Nd4 16. Qd3 Nxe2 17. Qxe2 Bd7 18. Nf3 Qh8 19. e5 Be6 20. c5 dxe5 21.
Nxe5 a6 22. Qe4 Bg7 23. Qxb7 Rc8 24. Rd1 Bf6 25. Qc6+ Ke7 26. Rd7+ Kf8 27.
Rxf7+ Bxf7 28. Nd7+ 1-0

[Event "C.N. copii, juniori, tineret 2018 - Fet"]
[Site "Calimanesti"]
[Date "2018.03.29"]
[Round "3.3"]
[White "Fileru, Maria"]
[Black "Moldovanu, Raluca"]
[Result "1-0"]
[WhiteElo "1492"]
[BlackElo "1059"]
[PlyCount "115"]
[EventDate "2018.03.27"]
[EventRounds "9"]

1. d4 d5 2. c4 e6 3. Nc3 c5 4. cxd5 exd5 5. Nf3 c4 6. Bf4 Nc6 7. e3 Bf5 8. a3
a6 9. Be2 Nf6 10. O-O Bd6 11. Bg5 Be7 12. Ne5 Rc8 13. Bf3 Rb8 14. Qa4 O-O 15.
Bxf6 Bxf6 16. Nxc6 bxc6 17. Qxc6 Rb6 18. Qc5 Be7 19. Qxd5 Bd3 20. Rfc1 Rxb2 21.
Qxd8 Rxd8 22. Be4 Rb3 23. Bxd3 cxd3 24. Ne4 Rdb8 25. Nd2 Rxa3 26. Rxa3 Bxa3 27.
Ra1 Bb4 28. Rb1 a5 29. Ne4 Rc8 30. Nc5 d2 31. Kf1 a4 32. Ke2 a3 33. Rxb4 a2 34.
Ra4 g6 35. Rxa2 Rb8 36. Kxd2 Kg7 37. Kc2 Kh6 38. Kd3 Kg5 39. Ke4 Re8+ 40. Kf3
f5 41. Nd3 Kf6 42. Ra6+ Kg5 43. d5 Rd8 44. d6 Kf6 45. d7+ Ke7 46. Ne5 Rg8 47.
Rc6 Rd8 48. Rc8 Rxd7 49. Nxd7 Kxd7 50. Rg8 Ke7 51. Rg7+ Kf6 52. Rxh7 Ke5 53.
Rg7 Kf6 54. Ra7 Kg5 55. h4+ Kxh4 56. Kf4 g5+ 57. Kxf5 Kh5 58. Rh7# 1-0

[Event "C.N. copii, juniori, tineret 2018 - Fet"]
[Site "Calimanesti"]
[Date "2018.03.29"]
[Round "4.2"]
[White "Mihalea, Maria-Ioana"]
[Black "Fileru, Maria"]
[Result "0-1"]
[WhiteElo "1370"]
[BlackElo "1492"]
[PlyCount "120"]
[EventDate "2018.03.27"]
[EventRounds "9"]

1. e4 e5 2. Nf3 Nc6 3. Bc4 Bc5 4. c3 Nf6 5. d3 a6 6. h3 h6 7. O-O Ba7 8. Nbd2
O-O 9. Re1 d6 10. Bb3 Ne7 11. Nf1 Ng6 12. Ng3 Re8 13. Be3 Bxe3 14. Rxe3 d5 15.
Re1 c6 16. Nf5 dxe4 17. dxe4 Nxe4 18. Nxh6+ gxh6 19. Rxe4 Bf5 20. Re1 Qc7 21.
Qd2 Kg7 22. Qe3 Rad8 23. Rad1 f6 24. Rxd8 Rxd8 25. Rd1 Rxd1+ 26. Bxd1 Qd8 27.
Qd2 Qxd2 28. Nxd2 Bd3 29. Nb3 b6 30. Bg4 f5 31. Bd1 Kf6 32. Nc1 Bc4 33. b3 Be6
34. Nd3 a5 35. Nb2 b5 36. Nd3 e4 37. Nc5 Bc8 38. f3 e3 39. g3 f4 40. g4 Ne5 41.
Kg2 Ke7 42. Ne4 Nd3 43. a4 Be6 44. g5 hxg5 45. Nxg5 Bxb3 46. Be2 Nc1 47. Bxb5
cxb5 48. axb5 a4 49. b6 Kd7 50. h4 a3 51. h5 Bg8 52. h6 a2 53. Ne6 a1=Q 54. b7
Qb2+ 55. Kh3 Bxe6+ 56. Kh4 Qh2+ 57. Kg5 Qg3+ 58. Kf6 Qh4+ 59. Kg7 Qg5+ 60. Kf8
Qg8# 0-1

[Event "C.N. copii, juniori, tineret 2018 - Fet"]
[Site "Calimanesti"]
[Date "2018.03.28"]
[Round "2.2"]
[White "Bira, Andrada-Paraschiva"]
[Black "Fileru, Maria"]
[Result "1/2-1/2"]
[WhiteElo "1280"]
[BlackElo "1492"]
[PlyCount "34"]
[EventDate "2018.03.27"]
[EventRounds "9"]

1. e4 e5 2. Nf3 Nc6 3. Bc4 Bc5 4. O-O d6 5. a3 a5 6. Nc3 Nf6 7. h3 h6 8. d3 g5
9. g4 Nxg4 10. hxg4 Bxg4 11. Be3 Bh3 12. Re1 Bxe3 13. Rxe3 Bg4 14. Nd5 Nd4 15.
c3 Nxf3+ 16. Rxf3 Bxf3 17. Qxf3 O-O 1/2-1/2

[Event "C.N. copii, juniori, tineret 2018 - Fet"]
[Site "Calimanesti"]
[Date "2018.03.27"]
[Round "1.2"]
[White "Fileru, Maria"]
[Black "Celea, Andreea-Alina"]
[Result "1-0"]
[WhiteElo "1492"]
[BlackElo "1186"]
[PlyCount "57"]
[EventDate "2018.03.27"]
[EventRounds "9"]

1. d4 d5 2. c4 e6 3. Nc3 Nf6 4. cxd5 exd5 5. Bg5 Be7 6. e3 O-O 7. Bd3 h6 8. Bh4
b6 9. Qc2 Bb7 10. Nf3 c5 11. O-O c4 12. Bf5 Nbd7 13. Ne5 Nxe5 14. dxe5 Nd7 15.
Bxe7 Qxe7 16. f4 Rad8 17. Nb5 a6 18. Nd4 Nc5 19. Rf3 f6 20. e6 Rd6 21. Bg4 Qe8
22. Rh3 Bc8 23. Bh5 Qd8 24. Nf5 Rxe6 25. Nxh6+ gxh6 26. Qg6+ Kh8 27. Qxh6+ Kg8
28. Qg6+ Kh8 29. Bg4# 1-0

[Event "WSCC G11"]
[Site "?"]
[Date "2017.04.29"]
[Round "?"]
[White "Latifah, Darmaki"]
[Black "Fileru, Maria"]
[Result "1/2-1/2"]
[WhiteElo "1200"]
[BlackElo "1320"]
[PlyCount "68"]
[EventDate "2017.??.??"]

1. e4 e5 2. Nf3 Nc6 3. Nc3 Nf6 4. d4 exd4 5. Nxd4 Bb4 6. Nxc6 bxc6 7. Bd3 O-O
8. O-O d5 9. exd5 cxd5 10. h3 Be6 11. Qf3 c6 12. Bg5 Be7 13. Qg3 Nh5 14. Qh4
Bxg5 15. Qxh5 g6 16. Qd1 Bf6 17. f4 Bd4+ 18. Kh1 Bxc3 19. bxc3 Qd7 20. Qf3 f5
21. Rad1 Qg7 22. Rfe1 Rae8 23. Bf1 Bd7 24. Rxe8 Rxe8 25. Qd3 Re4 26. Qd2 Be6
27. Re1 Qf6 28. Bd3 Rxe1+ 29. Qxe1 Bd7 30. c4 Qe6 31. Qa5 Qe3 32. cxd5 Qc1+ 33.
Kh2 Qxf4+ 34. g3 Qf2+ 1/2-1/2

[Event "WSCC G11"]
[Site "?"]
[Date "2017.04.28"]
[Round "?"]
[White "Fileru, Maria"]
[Black "Petricenco, Ana"]
[Result "0-1"]
[WhiteElo "1320"]
[BlackElo "1059"]
[PlyCount "126"]
[EventDate "2017.??.??"]

1. d4 d6 2. c4 e5 3. Nc3 Be6 4. d5 Bf5 5. e4 Bg6 6. Bd3 Nf6 7. Bg5 Be7 8. Be3
Nbd7 9. f3 c6 10. Nge2 O-O 11. O-O Nb6 12. Rc1 Rc8 13. Qb3 cxd5 14. cxd5 Nfd7
15. Na4 Nxa4 16. Qxa4 a6 17. Rxc8 Qxc8 18. Rc1 Qd8 19. b4 Nf6 20. b5 Nxd5 21.
Bf2 a5 22. Bc4 Nc7 23. Bd5 Nxd5 24. exd5 Bg5 25. f4 exf4 26. Nxf4 Bxf4 27. Qxf4
Qd7 28. Qc4 h6 29. Bb6 a4 30. Ba7 Bf5 31. Qb4 Rc8 32. Re1 Bd3 33. b6 Re8 34.
Rd1 Bg6 35. Rc1 Qe7 36. Qc3 Qe2 37. a3 Kh7 38. Qf3 Qe5 39. h3 Qg5 40. Rc3 Be4
41. Qf2 Bxd5 42. Rd3 Bc4 43. Rc3 Re2 44. Qf3 Re1+ 45. Kh2 Qe5+ 46. Qg3 Qxg3+
47. Kxg3 d5 48. Bb8 Kg6 49. Bd6 Ba6 50. Bb4 d4 51. Rc2 d3 52. Bxe1 dxc2 53. Bd2
Kf5 54. Kf3 g5 55. g4+ Ke5 56. Ke3 Kd5 57. Kf3 Kd4 58. Bc1 Bf1 59. Kg3 Kd3 60.
h4 Ke2 61. hxg5 hxg5 62. Bxg5 Kd1 63. Kh4 c1=Q 0-1

[Event "WSCC G11"]
[Site "?"]
[Date "2017.04.26"]
[Round "?"]
[White "Fileru, Maria"]
[Black "Artene, Maria-Alexandra"]
[Result "1-0"]
[WhiteElo "1320"]
[BlackElo "1165"]
[PlyCount "71"]
[EventDate "2017.??.??"]

1. d4 Nf6 2. c4 g6 3. Nc3 Bg7 4. e4 d6 5. Bg5 Nbd7 6. Qd2 O-O 7. Nf3 e5 8. d5
a6 9. h3 Qe8 10. Bd3 Nc5 11. b4 Nxd3+ 12. Qxd3 b6 13. Bxf6 Bxf6 14. b5 Bg7 15.
Nh2 f5 16. f3 Bf6 17. O-O axb5 18. Nxb5 Qd7 19. Kh1 Ba6 20. Rfc1 Bg5 21. Rc2
fxe4 22. fxe4 Rf7 23. Nf3 Bf4 24. a4 Bxb5 25. cxb5 Ra5 26. Rc6 Bg3 27. Kg1 Rf4
28. Qc2 Ra7 29. Rf1 Rf8 30. Rc1 Rf7 31. Qc4 Bf4 32. Rc3 g5 33. Nh2 Bxh2+ 34.
Kxh2 g4 35. hxg4 Qxg4 36. Rg3 1-0

[Event "WSCC G11"]
[Site "?"]
[Date "2017.04.25"]
[Round "?"]
[White "Barila, Stefana"]
[Black "Fileru, Maria"]
[Result "1-0"]
[WhiteElo "1313"]
[BlackElo "1320"]
[PlyCount "133"]
[EventDate "2017.??.??"]

1. e4 e5 2. Nf3 Nc6 3. Bb5 a6 4. Ba4 b5 5. Bb3 Bb7 6. c3 Be7 7. O-O Nf6 8. Re1
O-O 9. d4 d6 10. Nbd2 h6 11. Nf1 Re8 12. Ng3 Bf8 13. Bd2 Na5 14. Bc2 Nc4 15. b3
Nb6 16. Rb1 c5 17. d5 a5 18. c4 b4 19. h3 Bc8 20. Nh2 Ra7 21. f4 Bd7 22. a4
bxa3 23. Ra1 a4 24. Rxa3 Qc7 25. Qa1 Rea8 26. Qb2 axb3 27. Rxa7 Rxa7 28. Bxb3
Ba4 29. fxe5 dxe5 30. Nf3 Nfd7 31. Ra1 Bxb3 32. Rxa7 Qxa7 33. Qxb3 Qa6 34. Qb5
Qxb5 35. cxb5 g6 36. Kf2 Bd6 37. Bc3 f6 38. Nd2 Kg7 39. Ke3 h5 40. Kd3 Kh6 41.
Nc4 Nxc4 42. Kxc4 Bc7 43. Ne2 Kg5 44. Nc1 Kf4 45. Nd3+ Kxe4 46. Nxc5+ Nxc5 47.
Kxc5 Kd3 48. b6 Bxb6+ 49. Kxb6 Kxc3 50. d6 e4 51. d7 e3 52. d8=Q e2 53. Qxf6+
Kd2 54. Qd4+ Ke1 55. Kc5 Kf1 56. Qf4+ Kxg2 57. Qe3 h4 58. Qxe2+ Kxh3 59. Qe6+
Kh2 60. Qxg6 h3 61. Kd4 Kh1 62. Ke3 h2 63. Qe4+ Kg1 64. Qg4+ Kh1 65. Qf3+ Kg1
66. Qf2+ Kh1 67. Qf1# 1-0

[Event "WSCC G11"]
[Site "?"]
[Date "2017.04.24"]
[Round "?"]
[White "Fileru, Maria"]
[Black "Kaliakhmet, Eldana"]
[Result "1/2-1/2"]
[WhiteElo "1320"]
[BlackElo "1081"]
[PlyCount "97"]
[EventDate "2017.??.??"]

1. d4 Nf6 2. c4 e6 3. Nc3 Bb4 4. f3 d5 5. a3 Bxc3+ 6. bxc3 c5 7. e3 b6 8. Bd3
Nc6 9. Ne2 Na5 10. cxd5 exd5 11. O-O c4 12. Bc2 O-O 13. Re1 Re8 14. Ng3 Be6 15.
Bb2 Qd7 16. Rb1 Qc8 17. e4 b5 18. e5 Nd7 19. f4 f6 20. f5 fxe5 21. fxe6 Rxe6
22. Bf5 Re7 23. dxe5 Qc5+ 24. Qd4 Qxd4+ 25. cxd4 Nb3 26. Bc3 a5 27. Bxd7 Rxd7
28. e6 Re7 29. Nf5 Rea7 30. e7 Re8 31. Re5 g6 32. Nd6 Rexe7 33. Rxe7 Rxe7 34.
Re1 Rxe1+ 35. Bxe1 b4 36. axb4 axb4 37. Bxb4 Nxd4 38. Kf2 Nc6 39. Bd2 Kf8 40.
Ke3 Ke7 41. Nc8+ Ke6 42. Nb6 Ke5 43. Nd7+ Kf5 44. Bc3 h5 45. Nb6 Ke6 46. Na8
Kd6 47. Nb6 Ke6 48. Na4 Kd6 49. Nb6 1/2-1/2

[Event "WSCC G11"]
[Site "?"]
[Date "2017.04.24"]
[Round "?"]
[White "Ivanova, Dilyana"]
[Black "Fileru, Maria"]
[Result "1-0"]
[WhiteElo "1568"]
[BlackElo "1320"]
[PlyCount "123"]
[EventDate "2017.??.??"]

1. e4 e5 2. Nf3 Nc6 3. d4 exd4 4. Nxd4 Bc5 5. Be3 Qf6 6. c3 Nge7 7. g3 d5 8.
Bg2 dxe4 9. O-O Bxd4 10. cxd4 Be6 11. Nc3 Bd5 12. Nxd5 Nxd5 13. Bxe4 Nce7 14.
Qb3 Qb6 15. Bxd5 Nxd5 16. Qxd5 O-O 17. b3 Rad8 18. Qc5 Qxc5 19. dxc5 b6 20.
Rad1 h6 21. c6 g5 22. h4 f6 23. Rd4 Rxd4 24. Bxd4 Rd8 25. Be3 Rd6 26. Rc1 Kf7
27. f4 Kg6 28. hxg5 hxg5 29. fxg5 fxg5 30. g4 Rd3 31. Bf2 Kf6 32. Rc3 Rxc3 33.
Bd4+ Ke6 34. Bxc3 Kd6 35. Bf6 Kxc6 36. Bxg5 Kd5 37. Bh6 Ke4 38. g5 Kf5 39. Kf2
c5 40. Ke3 a6 41. a4 b5 42. a5 Ke5 43. g6 Kf6 44. g7 Kf7 45. Ke4 c4 46. bxc4
bxc4 47. Kd4 c3 48. Kxc3 Kg8 49. Kc4 Kh7 50. Kc5 Kg8 51. Kb6 Kf7 52. Kxa6 Kg8
53. Kb7 Kh7 54. a6 Kg8 55. a7 Kf7 56. a8=Q Ke6 57. g8=R Ke5 58. Qd8 Ke4 59. Rf8
Ke5 60. Qd3 Ke6 61. Bg5 Ke5 62. Re8# 1-0

[Event "Campionatul National de sah al Romaniei"]
[Site "Baile Felix"]
[Date "2017.02.09"]
[Round "9.1"]
[White "Maria, Lia-Alexandra"]
[Black "Fileru, Maria"]
[Result "1/2-1/2"]
[WhiteElo "1387"]
[BlackElo "1314"]
[PlyCount "36"]
[EventDate "2017.02.02"]
[EventRounds "9"]

1. d4 d5 2. c4 e6 3. Nf3 Nf6 4. Bf4 Be7 5. e3 O-O 6. Bd3 b6 7. O-O Bb7 8. Nc3
Nbd7 9. Qc2 h6 10. Bg3 c5 11. cxd5 Nxd5 12. Nxd5 Bxd5 13. e4 Bb7 14. Rad1 Rc8
15. dxc5 Bxc5 16. Bb5 Bxe4 17. Qxe4 Nf6 18. Qb7 Nd5 1/2-1/2

[Event "Campionatul National de sah al Romaniei"]
[Site "Baile Felix"]
[Date "2017.02.08"]
[Round "8.2"]
[White "Fileru, Maria"]
[Black "Pirvan, Maria"]
[Result "1-0"]
[WhiteElo "1314"]
[BlackElo "1154"]
[PlyCount "105"]
[EventDate "2017.02.02"]
[EventRounds "9"]

1. d4 d5 2. c4 c6 3. Nc3 e6 4. cxd5 exd5 5. e3 f5 6. Bd3 Nf6 7. Qc2 g6 8. Nf3
Bg7 9. O-O O-O 10. Ne5 Nbd7 11. Na4 Nxe5 12. dxe5 Nd7 13. f4 Nb6 14. Nc5 g5 15.
a4 gxf4 16. exf4 Kh8 17. a5 Nc4 18. Bxc4 dxc4 19. Qxc4 Rg8 20. Be3 Qh4 21. Bf2
Qg4 22. Bg3 Bxe5 23. Nd3 Bf6 24. Rab1 h5 25. Qc2 h4 26. Be1 h3 27. g3 Be6 28.
Bc3 Bg7 29. Bxg7+ Rxg7 30. Ne5 Qh5 31. Qd1 Qh7 32. Qd6 Bd5 33. b4 Rag8 34. Kf2
Qh5 35. b5 Be4 36. Rb3 cxb5 37. Rxb5 Re8 38. Rb3 a6 39. Re3 Reg8 40. Rb3 Re8
41. Re3 Bg2 42. Rfe1 Be4 43. Rf1 Bc2 44. Rc1 Be4 45. Rc7 Bg2 46. Nd7 Qg6 47.
Re6 Qg4 48. Rh6+ Rh7 49. Rxh7+ Kxh7 50. Nf6+ Kg6 51. Nxg4+ Kh5 52. Qh6+ Kxg4
53. Qh4# 1-0

[Event "Campionatul National de sah al Romaniei"]
[Site "Baile Felix"]
[Date "2017.02.07"]
[Round "7.2"]
[White "Petculescu, Diana-Silvana"]
[Black "Fileru, Maria"]
[Result "0-1"]
[WhiteElo "1221"]
[BlackElo "1314"]
[PlyCount "68"]
[EventDate "2017.02.02"]
[EventRounds "9"]

1. e4 e5 2. Nf3 Nc6 3. d4 exd4 4. Nxd4 Bc5 5. Be3 Qf6 6. c3 Nge7 7. Bc4 Ne5 8.
Bb3 d5 9. exd5 Qg6 10. Ba4+ Kf8 11. O-O Bh3 12. g3 Qe4 13. f3 Qxe3+ 14. Rf2 Nd3
15. Qd2 Qxf2+ 16. Qxf2 Nxf2 17. Kxf2 Nxd5 18. Nd2 Bxd4+ 19. cxd4 c6 20. g4 h5
21. Kg3 hxg4 22. fxg4 Nf6 23. g5 Nd5 24. Nf3 f6 25. Nh4 Kg8 26. Bb3 fxg5 27.
Ng6 Rh6 28. Ne7+ Kh8 29. Bxd5 cxd5 30. Nxd5 Rd8 31. Ne3 Rxd4 32. Rc1 Rc6 33.
Rxc6 bxc6 34. Kxh3 Rd3 0-1